| 000 | 00382nam a22001697a 4500 | ||
|---|---|---|---|
| 003 | SGT | ||
| 020 | _a9789389859928 | ||
| 082 |
_a617.6342 _bG21G |
||
| 100 | _aGopikrishna, V. | ||
| 245 | _aGrossman's Endodontic Practice | ||
| 250 | _a14th | ||
| 260 |
_bWolters Kluwer _c2021 |
||
| 300 | _a491 | ||
| 650 | _aEndodontics | ||
| 653 | _aEndodontics, Dental | ||
| 942 |
_2ddc _cBK _061 |
||
| 999 |
_c22681 _d22681 |
||